000 00982nam a22001697a 4500
999 _c63513
_d63513
003 Ge_BSU
005 20251021203729.0
008 251021s1957 ge ||||| |||| 00| 0 geo d
041 _ageo
080 _a631.115.71:633.72(479.22) პ-21
100 _aპატარაია, პ.
_926095
245 _aჩაის საბჭოთა მეურნეობების რენტაბელობის საკითხი :
_bჩაქვის, სალიბაურის, ოჩხამურისა და დიდიჭყონის საბჭოთა მეურნეობების მაგალითზე /
_cპ. პატარაია.
264 _aბათუმი :
_bაჭარის ასსრ სახელგამი,
_c1957.
300 _a138 გვ. ;
_b20 სმ.
653 _aჩაის საბჭოთა მეურნეობები საქართველოში
942 _2udc
_cᲬᲘᲒᲜᲘ